On This Day: June 8th Quiz Stats

 Plays Quiz Updated Jun 8, 2017

Support Sporcle.
Go Orange.
Score 0/7 Timer 03:00
0 Plays Today
Question Answer Wrong Answers
This dystopian novel by George Orwell is published.
1949
Nineteen Eighty-Four
87.2%
Brave New World
4.6%
Fahrenheit 451
3.9%
The Giver
1.4%
Two American journalists are found guilty of illegally entering this nation and sentenced to 12 years of penal labor.
2009
North Korea
73.1%
Iran
15.8%
Russia
4%
Yemen
3.1%
This President signs the Antiquities Act into law, authorizing the President to restrict the use of certain parcels of public land with historical or conservation value.
1906
Theodore Roosevelt
66.1%
William McKinley
10.1%
William Howard Taft
10.9%
Woodrow Wilson
10.6%
This American rapper, whose debut album ‘The College Dropout’ received widespread critical and commercial success in 2004, is born.
1977
Kanye West
55.5%
Jay Z
29.8%
Drake
7.9%
J. Cole
3.2%
This man, hailed as the ‘Father of the Constitution’, introduces twelve proposed amendments to the United States Constitution in Congress.
1789
James Madison
43.1%
Thomas Jefferson
45.6%
John Adams
7.1%
James Monroe
4%
______ secedes from the Union, the last state to leave the Union and join the Confederacy at the outbreak of the American Civil War.
1861
Tennessee
31%
Virginia
21.4%
Texas
29.6%
South Carolina
16.6%
Robespierre inaugurates the French Revolution's new state religion, the ______, with large organized festivals all across France.
1794
Cult of the Supreme Being
21.1%
Church of France
33.7%
Holy Church of Paris
11.8%
Cult of Enlightenment
32.8%

You're not logged in!

Compare scores with friends on all Sporcle quizzes.
OR
Log In
Forgot?

From the Vault

Top Grossing 'P' Movies

by Sheldon

Pirates have a knack for accumulating treasure.
Remove Ads.
Support Sporcle.
Get the best of Sporcle when you Go Orange. This ad-free experience offers more features, more stats, and more fun while also helping to support Sporcle. Thank you for becoming a member.

Show Comments

Extras

Top Quizzes Today


Score Distribution

Your Account Isn't Verified!

In order to create a playlist on Sporcle, you need to verify the email address you used during registration. Go to your Sporcle Settings to finish the process.

Report this User

Report this user for behavior that violates our Community Guidelines.

Details: